Normal view MARC view

Entry Topical Term

Number of records used in: 1

001 - CONTROL NUMBER

  • control field: 65390

003 - CONTROL NUMBER IDENTIFIER

  • control field: dpl

005 - DATE AND TIME OF LATEST TRANSACTION

  • control field: 20240501155132.0

008 - FIXED-LENGTH DATA ELEMENTS

  • fixed length control field: 240501|| aca||aabn | a|a d

040 ## - CATALOGING SOURCE

  • Original cataloging agency: dpl
  • Transcribing agency: dpl

150 ## - HEADING--TOPICAL TERM

  • Topical term or geographic name as entry element: हिन्दी

670 ## - SOURCE DATA FOUND

  • Source citation: Work cat.: (dpl)202497: के.पी. सक्सेना 'दूसरे' 65389, यात्रा संस्मरण यूरोप: जितना समेट पाया और गलवान घाटी (लेह- लद्दाख), 2022

© Delhi Public Library
Hit Counter
free hit counter